| 000 | 00395nam a2200157Ia 4500 | ||
|---|---|---|---|
| 008 | 151213s9999 xx 000 0 und d | ||
| 020 | _a39300609 | ||
| 100 | _aM. H. Abrams | ||
| 245 |
_aNatural Supernaturalism _cM. H. Abrams |
||
| 260 |
_aLondon _bW.W. Norton and Copmpany _c1971 |
||
| 300 | _a5546 p. | ||
| 650 | _aEnglish | ||
| 650 | _aEnglish | ||
| 700 | _aM. H. Abrams | ||
| 999 |
_c3318 _d3318 |
||